|
|
|
|
| LEADER |
00000ny a22000003n 4500 |
| 005 |
20110623123019.0 |
| 008 |
041228s2004 sp 001 0 spa d |
| 017 |
|
|
|a D.L.B49109-2004
|
| 020 |
|
|
|a 9788476987179
|
| 035 |
|
|
|a 529
|
| 040 |
|
|
|a NoBUC
|d vLex
|
| 080 |
|
|
|a 340.130.5
|
| 090 |
|
|
|c 1057
|d 1057
|
| 100 |
1 |
|
|a Frg̕ols i Brines, Eliseu
|
| 245 |
1 |
0 |
|a Fundamentos de la sucesin̤ de leyes al derecho penal espaǫl
|h [Recurso electrn̤ico]
|b existencia y aplicabilidad temporal de las normas penales /
|c Eliseu Frg̕ols i Brines
|
| 256 |
|
|
|a Servicio en ln̕ea
|
| 260 |
|
|
|a Barcelona :
|b JMB,
|c D.L. 2004
|
| 300 |
|
|
|a v.
|
| 506 |
1 |
|
|a Contenido solo disponible en los productos indicados
|d vLex Global
|d vLex Global (Academic Edition, excluding Law Schools)
|d vLex Global (U.S. Academic Edition, Law Schools)
|d vLex Global (U.S. Academic Edition, excluding Law Schools)
|d vLex Global (Academic Edition, Law Schools)
|
| 650 |
0 |
7 |
|a Retroactividad de las leyes
|2 Tesauro vLex
|
| 650 |
0 |
7 |
|a Sucesorio
|2 Tesauro vLex
|
| 650 |
0 |
7 |
|a Cd̤igo Civil
|2 Tesauro vLex
|
| 650 |
0 |
7 |
|a Derecho penal
|2 Tesauro vLex
|
| 650 |
0 |
7 |
|a Teora̕ General del Derecho
|2 Tesauro vLex
|
| 740 |
0 |
|
|a vLex Libros (Servicios en ln̕ea)
|
| 856 |
4 |
0 |
|u http://vlex.com/source/529
|z Acceso restringido
|
| 942 |
|
|
|c BOOK
|